| 000 -LEADER |
| fixed length control field |
02230cam a2200349 i 4500 |
| 001 - CONTROL NUMBER |
| control field |
vtls002165410 |
| 003 - CONTROL NUMBER IDENTIFIER |
| control field |
VRT |
| 005 - DATE AND TIME OF LATEST TRANSACTION |
| control field |
20190729134435.0 |
| 008 - FIXED-LENGTH DATA ELEMENTS--GENERAL INFORMATION |
| fixed length control field |
180515t20082008cau b 000 j eng |
| 020 ## - INTERNATIONAL STANDARD BOOK NUMBER |
| International Standard Book Number |
9781892391759 |
| Qualifying information |
(paperback) |
| 020 ## - INTERNATIONAL STANDARD BOOK NUMBER |
| International Standard Book Number |
1892391759 |
| Qualifying information |
(paperback) |
| 035 ## - SYSTEM CONTROL NUMBER |
| System control number |
(OCoLC)ocn182733030 |
| 040 ## - CATALOGING SOURCE |
| Original cataloging agency |
BTCTA |
| Language of cataloging |
eng |
| Description conventions |
rda |
| Transcribing agency |
BTCTA |
| Modifying agency |
AU@ |
| -- |
TKU |
| 042 ## - AUTHENTICATION CODE |
| Authentication code |
nbic |
| 082 ## - DEWEY DECIMAL CLASSIFICATION NUMBER |
| Classification number |
FIC STE |
| 245 00 - TITLE STATEMENT |
| Title |
Steampunk / |
| Statement of responsibility, etc. |
Ann & Jeff VanderMeer, editors. |
| 264 #1 - PRODUCTION, PUBLICATION, DISTRIBUTION, MANUFACTURE, AND COPYRIGHT NOTICE |
| Place of production, publication, distribution, manufacture |
San Francisco : |
| Name of producer, publisher, distributor, manufacturer |
Tachyon Publications, |
| Date of production, publication, distribution, manufacture, or copyright notice |
2008. |
| 264 #4 - PRODUCTION, PUBLICATION, DISTRIBUTION, MANUFACTURE, AND COPYRIGHT NOTICE |
| Date of production, publication, distribution, manufacture, or copyright notice |
©2008. |
| 300 ## - PHYSICAL DESCRIPTION |
| Extent |
ix, 373 pages ; |
| Dimensions |
23 cm. |
| 336 ## - CONTENT TYPE |
| Content type term |
text |
| Content type code |
txt |
| Source |
rdacontent. |
| 337 ## - MEDIA TYPE |
| Media type term |
unmediated |
| Media type code |
n |
| Source |
rdamedia. |
| 338 ## - CARRIER TYPE |
| Carrier type term |
volume |
| Carrier type code |
nc |
| Source |
rdacarrier. |
| 504 ## - BIBLIOGRAPHY, ETC. NOTE |
| Bibliography, etc. note |
Includes bibliographical references (pages 366-373) |
| 505 00 - FORMATTED CONTENTS NOTE |
| Title |
Steampunk : "it's a clockwork universe, Victoria" / |
| Statement of responsibility |
Ann & Jeff VanderMeer -- |
| Title |
The 19th-century roots of steampunk / |
| Statement of responsibility |
Jess Nevins -- |
| Title |
Benediction : excerpt from The warlord of the air / |
| Statement of responsibility |
Michael Moorcock -- |
| Title |
Lord Kelvin's machine / |
| Statement of responsibility |
James P. Blaylock -- |
| Title |
The giving mouth / |
| Statement of responsibility |
Ian R. MacLeod -- |
| Title |
A sun in the attic / |
| Statement of responsibility |
Mary Gentle -- |
| Title |
The god-clown is near / |
| Statement of responsibility |
Jay Lake -- |
| Title |
The steam man of the prairie and the dark rider get down : a dime novel / |
| Statement of responsibility |
Joe R. Lansdale -- |
| Title |
The Selene Gardening Society / |
| Statement of responsibility |
Molly Brown -- |
| Title |
Seventy-two letters / |
| Statement of responsibility |
Ted Chiang -- |
| Title |
The Martian agent, a planetary romance / |
| Statement of responsibility |
Michael Chabon -- |
| Title |
Victoria / |
| Statement of responsibility |
Paul Di Filippo -- |
| Title |
Reflected light / |
| Statement of responsibility |
Rachel E. Pollock -- |
| Title |
Minutes of the last meeting / |
| Statement of responsibility |
Stepan Chapman -- |
| Title |
Excerpt from the third and last volume of Tribes of the Pacific coast / |
| Statement of responsibility |
Neal Stephenson -- |
| Title |
The steam-driven time machine : a pop culture survey / |
| Statement of responsibility |
Rick Klaw -- |
| Title |
The essential sequential steampunk : a modest survey of the genre within the comic book medium / |
| Statement of responsibility |
Bill Baker. |
| 520 ## - SUMMARY, ETC. |
| Summary, etc. |
Features stories in which the Victorian era is reimagined to include Martian technology, steam-powered robots, airships, alchemy, and various anachronistic technologies. |
| 650 #0 - SUBJECT ADDED ENTRY--TOPICAL TERM |
| Topical term or geographic name entry element |
Steampunk fiction, American. |
| 650 #0 - SUBJECT ADDED ENTRY--TOPICAL TERM |
| Topical term or geographic name entry element |
Steampunk fiction, English. |
| 650 #0 - SUBJECT ADDED ENTRY--TOPICAL TERM |
| Topical term or geographic name entry element |
Steampunk fiction |
| General subdivision |
History and criticism. |
| 700 1# - ADDED ENTRY--PERSONAL NAME |
| Personal name |
VanderMeer, Ann, |
| Relator term |
editor. |
| 700 1# - ADDED ENTRY--PERSONAL NAME |
| Personal name |
VanderMeer, Jeff, |
| Relator term |
editor. |
| 942 ## - ADDED ENTRY ELEMENTS (KOHA) |
| Source of classification or shelving scheme |
|
| Koha item type |
Books - Fiction |